Solidarität und Gerechtigkeit : die Gesellschaft von morgen gestalten / Dietmar Mieth (Hg.). Unter Mitarb. von Katharina Eckstein
Record details
- ISBN: 9783460330696 (gb.)
- Physical Description: 328 S. ; 21 cm
- Publisher: Stuttgart : kbw, Bibelwerk, 2009
Content descriptions
| General Note: | Literaturverz. S. 302 - 308 |
Available copies
- 1 of 1 copy available at Common Catalog SPOK.
Holds
- 0 current holds with 1 total copy.
Show All Copies
| Location | Call Number / Copy Notes | Barcode | Shelving Location | Status | Due Date |
|---|---|---|---|---|---|
| Jabok Library | ET-9.2/M | 424480035044 | Odborná literatura | Available | - |
Electronic resources
Version of Resource: Inhaltsverzeichnis
| LDR | 02716nam a2200661 a 4500 | ||
|---|---|---|---|
| 001 | 19309 | ||
| 003 | CZ-PrJAB | ||
| 005 | 20160204101234.0 | ||
| 007 | ta | ||
| 008 | 081203s2009 gw 000 0 ger d | ||
| 020 | . | ‡a9783460330696 (gb.) | |
| 035 | . | ‡a(DE-601)587162570 | |
| 035 | . | ‡a(OCoLC)439707158 | |
| 035 | . | ‡a(DE-101)991417437 | |
| 035 | . | ‡a(DE-599)DNB991417437 | |
| 040 | . | ‡aGBVCP ‡bger ‡cGBVCP ‡erakwb ‡dABG312 | |
| 041 | 0 | . | ‡ager |
| 072 | 7. | ‡a17 ‡xEtika. Morální filozofie ‡2Konspekt ‡95 | |
| 245 | 0 | 0. | ‡aSolidarität und Gerechtigkeit : ‡bdie Gesellschaft von morgen gestalten / ‡cDietmar Mieth (Hg.). Unter Mitarb. von Katharina Eckstein |
| 260 | . | ‡aStuttgart : ‡bkbw, Bibelwerk, ‡c2009 | |
| 300 | . | ‡a328 S. ; ‡c21 cm | |
| 500 | . | ‡aLiteraturverz. S. 302 - 308 | |
| 653 | 0 | . | ‡asolidarita ‡aspravedlnost ‡asociální etika ‡akřesťanská etika ‡amorální aspekty |
| 700 | 1 | . | ‡aMieth, Dietmar ‡0(DE-601)079595162 |
| 700 | 1 | . | ‡aEckstein, Katharina |
| 856 | 4 | 1. | ‡uhttp://d-nb.info/991417437/04 ‡yInhaltsverzeichnis |
| 910 | . | ‡aABG312 | |
| 901 | . | ‡a19309 ‡b ‡c19309 ‡tbiblio | |